Tribhuvan University Central Library

Ekata Comprehensive english - nepali dictionary (Record no. 83336)

MARC details
000 -LEADER
fixed length control field 00550nam a22001697a 4500
008 - FIXED-LENGTH DATA ELEMENTS--GENERAL INFORMATION
fixed length control field 180801b xxu||||| |||| 00| 0 eng d
020 ## - INTERNATIONAL STANDARD BOOK NUMBER
International Standard Book Number 9789937101097
082 ## - DEWEY DECIMAL CLASSIFICATION NUMBER
Classification number R / 495.5132
Item number L83e
100 ## - MAIN ENTRY--PERSONAL NAME
Personal name Lohani, Shreedhar Prasad ed.
245 ## - TITLE STATEMENT
Title Ekata Comprehensive english - nepali dictionary
260 ## - PUBLICATION, DISTRIBUTION, ETC.
Place of publication, distribution, etc. Kathmandu:
Name of publisher, distributor, etc. Ekata Books,
Date of publication, distribution, etc. 2010
300 ## - PHYSICAL DESCRIPTION
Extent xxiv,1938p. illus.
650 ## - SUBJECT ADDED ENTRY--TOPICAL TERM
Topical term or geographic name entry element English language - Dictionaries - Nepali
650 ## - SUBJECT ADDED ENTRY--TOPICAL TERM
Topical term or geographic name entry element Nepali language - Dictionaries - English
700 ## - ADDED ENTRY--PERSONAL NAME
Personal name Adhiari, Rameshwor Prasad
942 ## - ADDED ENTRY ELEMENTS (KOHA)
Source of classification or shelving scheme Dewey Decimal Classification
Koha item type General Collections
Holdings
Withdrawn status Lost status Source of classification or shelving scheme Damaged status Not for loan Home library Current library Date acquired Total Checkouts Full call number Barcode Date last seen Price effective from Koha item type
    Dewey Decimal Classification     Tribhuvan University Central Library Tribhuvan University Central Library 08/01/2018   R / 495.5132 L83e 146672 08/01/2018 08/01/2018 General Collections